První pomoc malým dětem /

Hlavní autor: Stoppard, Miriam, 1937-
Jazyk: Čeština
Vydáno: V Praze : Slovart, 2005
Témata:
Externí odkaz: Digitalizovaný dokument
Fyzický popis: 64 s. : barev. il. ; 22 cm
Knihy
Uloženo v:
LEADER 01863nam a2200517 a 4500
001 nkc20051570076
003 CZ PrNK
005 20060130111850.0
007 ta
008 050602s2005 xr a e f 001 0 cze
015 |a cnb001570076 
020 |a 80-7209-677-X  |q (váz.) 
035 |a (OCoLC)85155027 
040 |a BOA001  |b cze  |d ABA001 
041 1 |a cze  |h eng 
072 7 |a 616-053.2  |x Pediatrie  |2 Konspekt  |9 14 
080 |a 616.1/.9-053.2  |2 MRF 
080 |a 614.8.02/.06-053.2  |2 MRF 
080 |a 616-083.98  |2 MRF 
080 |a 316.346.32-053.4  |2 MRF 
080 |a (035)  |2 MRF 
100 1 |a Stoppard, Miriam,  |d 1937-  |7 jn20001103541  |4 aut 
245 1 0 |a První pomoc malým dětem /  |c Miriam Stoppardová ; [z anglického originálu ... přeložila Jarmila Kantová] 
260 |a V Praze :  |b Slovart,  |c 2005 
300 |a 64 s. :  |b barev. il. ;  |c 22 cm 
500 |a Obálkový podnázev: základy rychlé pomoci 
500 |a Obsahuje rejstřík 
650 0 7 |a nemoci u dětí  |7 ph134932  |2 czenas 
650 0 7 |a dětské úrazy  |7 ph134752  |2 czenas 
650 0 7 |a první pomoc  |7 ph124698  |2 czenas 
650 0 7 |a batolata  |7 ph114130  |2 czenas 
650 0 7 |a děti předškolního věku  |7 ph119710  |2 czenas 
650 0 9 |a diseases of children  |2 eczenas 
650 0 9 |a children's accidents  |2 eczenas 
650 0 9 |a first aid  |2 eczenas 
650 0 9 |a toddlers  |2 eczenas 
650 0 9 |a preschool children  |2 eczenas 
655 7 |a příručky  |7 fd133209  |2 czenas 
655 9 |a handbooks and manuals  |2 eczenas 
765 0 |t Baby first aid  |9 Česky 
856 4 1 |u http://www.digitalniknihovna.cz/mzk/uuid/uuid:e5b79e00-6059-11e5-bf4b-005056827e51  |y Digitalizovaný dokument  |x NDK 
910 2 |a BOA001  |b 2-1154.560 
990 |a BK 
995 |a 01 
991 |b 200508  |c NOV 
996 6 |b 2610254409  |c 2-1154.560  |l MZK  |r Sklad / do 1 hodiny  |n 6  |p p.v.  |w 000778878  |u 000010  |a 1  |e BOA001  |j MZK50  |s P